[Event "BSenEM 2014"]
[Site "Berlin"]
[Date "2014.02.03"]
[Round "5.30"]
[White "Kurbel, Horst Peter"]
[Black "Willin, Bernhard"]
[Result "0-1"]
[WhiteElo "1652"]
[BlackElo "1854"]
[Annotator "Jaeger,André"]
[PlyCount "52"]
[EventDate "2014.01.30"]
[WhiteTeam "FC Bayern München e.V."]
[BlackTeam "SC Horben"]

1. d4 Nf6 2. c4 e6 3. Nc3 Bb4 4. Qc2 O-O 5. a3 Bxc3+ 6. Qxc3 b6 7. Bg5 h6 8.
Bxf6 Qxf6 9. e4 Bb7 10. f3 d6 11. Bd3 Nd7 12. Ne2 e5 13. b4 c5 14. dxe5 dxe5
15. b5 Rfd8 16. O-O Nf8 17. f4 Qd6 18. Rad1 exf4 19. e5 Qe7 20. Nxf4 Rd4 21.
Nd5 Bxd5 22. cxd5 Qxe5 23. Bc4 Qe4 24. Rxd4 cxd4 25. Qb3 Rd8 26. d6 Ne6 0-1

[Event "BSenEM 2014"]
[Site "Berlin"]
[Date "2014.02.03"]
[Round "5.31"]
[White "Fitzke, Ulrich"]
[Black "Kujawa, Werner"]
[Result "1-0"]
[WhiteElo "1803"]
[BlackElo "1609"]
[Annotator "Jaeger,André"]
[PlyCount "41"]
[EventDate "2014.01.30"]
[WhiteTeam "SV Bau-Union e.V."]
[BlackTeam "SV Motor Wildau e.V."]

1. d4 Nf6 2. c4 c5 3. Nf3 e6 4. Nc3 a6 5. e3 cxd4 6. Nxd4 d5 7. Be2 dxc4 8.
Bxc4 Qc7 9. Be2 b5 10. Bf3 Bb7 11. O-O Bc5 12. Nb3 Ba7 13. Bxb7 Qxb7 14. Na5
Qd7 15. Qf3 Nd5 16. Rd1 Qc8 17. Nxd5 exd5 18. Qxd5 Nd7 19. Qe4+ Kd8 20. Nc6+
Kc7 21. Ne7 1-0

[Event "BSenEM 2014"]
[Site "Berlin"]
[Date "2014.02.03"]
[Round "5.32"]
[White "Mueller, Erhard"]
[Black "Hoppe, Rainer"]
[Result "1/2-1/2"]
[WhiteElo "1629"]
[BlackElo "1797"]
[Annotator "Jaeger,André"]
[PlyCount "60"]
[EventDate "2014.01.30"]
[WhiteTeam "SG Wedding e.V."]
[BlackTeam "SG Wedding e.V."]

1. d4 Nf6 2. Nf3 e6 3. c4 c5 4. Nc3 d5 5. Bg5 cxd4 6. Nxd4 Be7 7. e3 O-O 8. Be2
dxc4 9. Bxc4 Qc7 10. Qe2 a6 11. a3 b5 12. Bb3 Bb7 13. O-O Qb6 14. Rac1 Nc6 15.
Nf3 h6 16. Bh4 Na5 17. Ba2 Rac8 18. Ne5 Rfd8 19. Rfd1 Qc7 20. Bg3 Bd6 21. Nf3
Bxg3 22. hxg3 Qe7 23. Rxd8+ Qxd8 24. Rd1 Qc7 25. Qd3 Nc6 26. Ne4 Nxe4 27. Qxe4
Rd8 28. Qc2 Rxd1+ 29. Qxd1 Ne7 30. Nd4 Bd5 1/2-1/2

[Event "BSenEM 2014"]
[Site "Berlin"]
[Date "2014.02.03"]
[Round "5.33"]
[White "Schrodt, Horst"]
[Black "Albinus, Guenter"]
[Result "1/2-1/2"]
[WhiteElo "1594"]
[BlackElo "1765"]
[Annotator "Jaeger,André"]
[PlyCount "65"]
[EventDate "2014.01.30"]
[WhiteTeam "SC Eintracht Berlin e.V."]
[BlackTeam "SG Weißensee 49 e.V."]

1. d4 Nf6 2. c4 e6 3. Nc3 d5 4. Nf3 c6 5. cxd5 exd5 6. Bg5 Be7 7. e3 h6 8. Bxf6
Bxf6 9. Be2 Bf5 10. O-O O-O 11. Rc1 Nd7 12. b4 Nb6 13. Qb3 Rc8 14. a4 Qd6 15.
a5 Nd7 16. b5 Be6 17. bxc6 bxc6 18. Na4 c5 19. Nxc5 Nxc5 20. dxc5 Rxc5 21. Qa3
Be7 22. Rxc5 Qxc5 23. Qxc5 Bxc5 24. Ra1 Rb8 25. Ne5 Rb2 26. Nd3 Rxe2 27. Nxc5
Bc8 28. Kf1 Rc2 29. Nb3 Ba6+ 30. Kg1 Bc4 31. Nd4 Ra2 32. Rxa2 Bxa2 33. a6 {(=)}
1/2-1/2

[Event "BSenEM 2014"]
[Site "Berlin"]
[Date "2014.02.03"]
[Round "5.34"]
[White "Kohlmeyer, Dagobert"]
[Black "Kranch, Klaus"]
[Result "1-0"]
[WhiteElo "1739"]
[BlackElo "1593"]
[Annotator "Jaeger,André"]
[PlyCount "77"]
[EventDate "2014.01.30"]
[WhiteTeam "SC Rochade e.V."]
[BlackTeam "SC Rochade e.V."]

1. e4 c5 2. Nc3 Nc6 3. Nf3 g6 4. d4 cxd4 5. Nxd4 Bg7 6. Be3 a6 7. Bc4 e6 8. Qd2
Nf6 9. f3 O-O 10. O-O-O Ne5 11. Bb3 b5 12. a3 Qe7 13. Na2 Nc4 14. Bxc4 bxc4 15.
Bg5 e5 16. Ne2 Qc5 17. Nec3 Rb8 18. Be3 Qe7 19. Nb4 Qe6 20. Nbd5 Nxd5 21. Nxd5
Rd8 22. Bh6 Bb7 23. Bxg7 Kxg7 24. Qc3 Rdc8 25. f4 d6 26. Rhf1 Bxd5 27. Rxd5 f6
28. fxe5 dxe5 {(=)} 29. Rfd1 Rb6 30. Rd7+ Kg8 31. Qd2 g5 32. Rd6 Rxd6 33. Qxd6
Rc6 34. Qd8+ Kg7 35. Rd7+ Kg6 36. Re7 Qc8 37. Qd5 Kh5 38. Rxh7+ Kg4 39. Qd1+
1-0

[Event "BSenEM 2014"]
[Site "Berlin"]
[Date "2014.02.03"]
[Round "5.35"]
[White "Andrasch, Peter"]
[Black "Rehder, Frank"]
[Result "0-1"]
[WhiteElo "1574"]
[BlackElo "1722"]
[Annotator "Jaeger,André"]
[PlyCount "140"]
[EventDate "2014.01.30"]
[WhiteTeam "Sfr.Nord-Ost Berlin"]
[BlackTeam "SC Zugzwang 95 e.V."]

1. f4 d5 2. Nf3 g6 3. e3 Bg7 4. Be2 c5 5. O-O Nc6 6. Nc3 Nf6 7. d4 cxd4 8. Nxd4
O-O 9. a3 a6 10. Bd3 Qc7 11. h3 Nxd4 12. exd4 e6 13. Be3 Bd7 14. Ne2 b5 15. c3
Qb6 16. Rf3 {(=)} Bc6 17. Rb1 Qc7 18. Bc2 a5 19. Ng3 Rab8 20. Rc1 Qd7 21. Qd2
Rb7 22. Qe1 Rfb8 23. f5 exf5 24. Bxf5 gxf5 25. Nxf5 Ne4 26. Qh4 Qd8 27. Qg4 f6
28. Rcf1 Kh8 29. Bf4 Ra8 30. Qh5 Be8 31. Qh4 Bg6 32. Nh6 f5 33. Qxd8+ Rxd8 34.
g4 fxg4 35. hxg4 Rf8 36. g5 b4 37. Be5 Rxf3 38. Rxf3 Nf6 39. Bxf6 Bxf6 40. Rxf6
Kg7 41. Ra6 bxc3 42. bxc3 Be4 43. Kf2 Rb3 44. Rc6 Rxa3 45. Ng4 Ra2+ 46. Ke3 a4
47. Ne5 Ra1 48. Rc7+ Kg8 49. Nc6 a3 50. Nb4 a2 51. Nxa2 Rxa2 52. c4 Ra3+ 53.
Kf4 Rf3+ 54. Kg4 dxc4 55. Rxc4 Rf1 56. Rc8+ Kf7 57. Rc7+ Kg6 58. Ra7 Bf5+ 59.
Kg3 Rg1+ 60. Kf4 Rf1+ 61. Kg3 Kxg5 62. Ra5 h5 63. d5 h4+ 64. Kh2 Rd1 65. Rc5
Rd2+ 66. Kg1 h3 67. d6 Rxd6 68. Rc3 Rd2 69. Rc5 Kf4 70. Rc4+ Be4 0-1

[Event "BSenEM 2014"]
[Site "Berlin"]
[Date "2014.02.03"]
[Round "5.36"]
[White "Kohlstadt Erlebach, Paul"]
[Black "Olschewsky, Roman"]
[Result "1-0"]
[WhiteElo "1722"]
[BlackElo "1561"]
[Annotator "Jaeger,André"]
[PlyCount "127"]
[EventDate "2014.01.30"]
[WhiteTeam "SK Tempelhof 1931 e.V."]
[BlackTeam "SG Wedding e.V."]

1. e4 d6 2. d4 Nf6 3. Nc3 e6 4. Be3 b6 5. Nf3 Bb7 6. Bd3 Na6 7. a3 Be7 8. Qe2
Nb8 9. h3 Nbd7 10. Rd1 c5 11. dxc5 bxc5 12. Bb5 O-O 13. Bc1 a6 14. Bxd7 Nxd7
15. O-O Qc7 16. Nh2 Ne5 17. f4 Ng6 18. f5 exf5 19. exf5 Ne5 20. f6 Bxf6 21.
Rxf6 gxf6 22. Bh6 Rfe8 23. Qf2 Re6 24. Qf5 Qe7 25. Ng4 Ng6 26. Rf1 Nh4 27.
Nxf6+ Rxf6 28. Qxf6 Qxf6 29. Rxf6 d5 30. g3 Ng6 31. Rb6 d4 32. Rxb7 dxc3 33.
bxc3 Nf8 34. Bxf8 Kxf8 35. Rc7 Rd8 36. Rxc5 Rd1+ 37. Kf2 Rd2+ 38. Ke3 Rxc2 39.
a4 a5 40. h4 Kg7 41. g4 h6 42. Kd3 Rg2 43. Rc4 Rg3+ 44. Kc2 Kg6 45. Rf4 f6 46.
Kb3 Rg1 47. c4 Rg3+ 48. Kc2 Kf7 49. c5 Rg2+ 50. Kd3 Ke6 51. Rd4 Rg1 52. Kc4 Rb1
53. Re4+ Kd7 54. Kd5 Rc1 55. c6+ Rxc6 56. Re7+ Kxe7 57. Kxc6 Ke6 58. Kb5 Kd6
59. Kxa5 Ke6 60. Ka6 Ke7 61. Kb5 h5 62. gxh5 f5 63. h6 f4 64. h7 1-0

[Event "BSenEM 2014"]
[Site "Berlin"]
[Date "2014.02.03"]
[Round "5.37"]
[White "Hirr, Rudi"]
[Black "Kornath, Heinrich"]
[Result "0-1"]
[WhiteElo "1523"]
[BlackElo "1716"]
[Annotator "Jaeger,André"]
[PlyCount "92"]
[EventDate "2014.01.30"]
[WhiteTeam "SG Grün-Weiß Baumschulenweg e.V."]
[BlackTeam "SG Eckturm"]

1. Nf3 Nf6 2. d4 g6 3. c4 Bg7 4. Nc3 d6 5. g3 O-O 6. Bg2 c5 7. d5 a6 8. O-O Bg4
9. Re1 Nbd7 10. b3 Qa5 11. Bd2 Qc7 12. Rc1 Rab8 13. h3 Bxf3 14. Bxf3 Ne5 15.
Bg2 b5 16. f4 Ned7 17. Rf1 bxc4 18. bxc4 Rb2 19. Rb1 Rfb8 20. Rxb2 Rxb2 21. Bc1
Rb4 22. Qd3 Nb6 23. Ba3 Rxc4 24. e3 Rxc3 25. Qxc3 Nfxd5 26. Qd3 Nxe3 27. Re1
Nxg2 28. Kxg2 c4 29. Qc2 e6 30. Kh2 d5 31. Bb2 c3 32. Bc1 d4 33. Qd3 Qb7 34.
Ba3 Nd5 35. Rb1 Qc8 36. Bd6 c2 37. Rc1 Ne3 38. Be5 Bxe5 39. fxe5 Qc6 40. Qe2
Qe4 41. Qf2 Qxe5 42. Rxc2 Nxc2 43. Qxc2 Kg7 44. Qd3 a5 45. h4 h5 46. a3 Qd5 0-1

[Event "BSenEM 2014"]
[Site "Berlin"]
[Date "2014.02.03"]
[Round "5.38"]
[White "Huelle, Gunter"]
[Black "Herrmann, Eberhard"]
[Result "0-1"]
[WhiteElo "1511"]
[BlackElo "1705"]
[Annotator "Jaeger,André"]
[PlyCount "56"]
[EventDate "2014.01.30"]
[WhiteTeam "SV Springer Leipzig"]
[BlackTeam "SC Friesen Lichtenberg e.V."]

1. b4 e5 2. Bb2 d6 3. e3 f5 4. Nf3 Nf6 5. Be2 Be7 6. O-O O-O 7. d4 e4 8. Nfd2
d5 9. b5 Bd6 10. c4 c6 11. a4 Ng4 12. h3 Qh4 13. Qe1 Qh6 14. Qd1 Rf6 15. Ba3
Bc7 16. cxd5 Nxe3 17. Qb3 Nxd5 18. Bc4 Be6 19. bxc6 Nxc6 20. Bxd5 Bxd5 21.
Qxd5+ Kh8 22. Re1 Rd8 23. Qa2 Rg6 24. Nf1 Qxh3 25. f4 Bxf4 26. Bc1 Nxd4 27.
Bxf4 Nf3+ 28. Kf2 Rxg2+ 0-1

[Event "BSenEM 2014"]
[Site "Berlin"]
[Date "2014.02.03"]
[Round "5.39"]
[White "Mueller, Johannes"]
[Black "Ollek, Karl Heinz"]
[Result "1-0"]
[WhiteElo "1694"]
[BlackElo "1546"]
[Annotator "Jaeger,André"]
[PlyCount "105"]
[EventDate "2014.01.30"]
[WhiteTeam "SC Friesen Lichtenberg e.V."]
[BlackTeam "SC Friesen Lichtenberg e.V."]

1. e4 g6 2. d4 Bg7 3. c4 d6 4. Nc3 Nf6 5. Nf3 O-O 6. h3 c6 7. Be3 Nbd7 8. Qd2
Qa5 9. Be2 a6 10. Rb1 Qc7 11. b4 b5 12. O-O bxc4 13. Bxc4 Nb6 14. Bb3 d5 15. e5
Ne8 16. Rbc1 e6 17. a4 Qb7 18. a5 Nc4 19. Bxc4 dxc4 20. Na4 Nc7 21. Qc3 Nd5 22.
Qxc4 Qxb4 23. Qxb4 Nxb4 24. Nb6 Rb8 25. Rc4 Nd5 26. Rxc6 Rd8 27. Nxc8 Rdxc8 28.
Rxa6 Nxe3 29. fxe3 Bh6 30. Re1 Rc3 31. Kf2 Ra3 32. Re2 Rb5 33. Ra8+ Kg7 34. g4
g5 35. h4 gxh4 36. g5 Bxg5 37. Nxg5 Rbxa5 38. Rxa5 Rxa5 39. Nf3 f6 40. exf6+
Kxf6 41. Nxh4 e5 42. dxe5+ Rxe5 43. Kf3 Rh5 44. Ng2 Rf5+ 45. Nf4 Ke5 46. Rh2
Rf7 47. Rh5+ Kf6 48. e4 Kg7 49. Kg4 h6 50. e5 Kh7 51. e6 Rf8 52. Rd5 Rg8+ 53.
Kf5 1-0

[Event "BSenEM 2014"]
[Site "Berlin"]
[Date "2014.02.03"]
[Round "5.40"]
[White "Trostel, Uwe"]
[Black "Freihube, Manfred"]
[Result "1-0"]
[WhiteElo "1688"]
[BlackElo "1511"]
[Annotator "Jaeger,André"]
[PlyCount "41"]
[EventDate "2014.01.30"]
[WhiteTeam "SF Friedrichshagen"]
[BlackTeam "SC Schwarz-Weiß Lichtenrade e.V."]

1. d4 d5 2. c4 e6 3. Nf3 Nf6 4. Bg5 Be7 5. e3 b6 6. Nc3 Bb7 7. Bd3 Nbd7 8. O-O
O-O 9. Qe2 c5 10. Rfd1 cxd4 11. Nxd4 Nc5 12. Bc2 Nfe4 13. Nxe4 Bxg5 14. Nc3 Qe7
15. cxd5 exd5 16. Nf5 Qf6 17. f4 Bxf4 18. exf4 Rfe8 19. Qf2 Ne4 20. Nxe4 dxe4
21. Nd6 1-0

[Event "BSenEM 2014"]
[Site "Berlin"]
[Date "2014.02.03"]
[Round "5.41"]
[White "Theilig, Reinhard"]
[Black "Hesselbarth, Karlheinz"]
[Result "1/2-1/2"]
[WhiteElo "1460"]
[BlackElo "1685"]
[Annotator "Jaeger,André"]
[PlyCount "55"]
[EventDate "2014.01.30"]
[WhiteTeam "VfB Hermsdorf e.V."]
[BlackTeam "SC Zugzwang 95 e.V."]

1. Nf3 d5 2. c4 e6 3. g3 Nf6 4. Bg2 c5 5. cxd5 exd5 6. O-O Nc6 7. d3 Be7 8. Bf4
O-O 9. Nc3 Nh5 10. Bd2 Re8 11. Re1 d4 12. Ne4 h6 13. Rc1 Qb6 14. Qc2 Nb4 15.
Bxb4 cxb4 16. Ned2 Be6 17. b3 Rac8 18. Nc4 Qc5 19. Qd1 b5 20. Nce5 Qb6 21. Rxc8
Rxc8 22. Nd2 Qc5 23. Nef3 Nf6 24. Qa1 Qc3 25. Ne4 Nxe4 26. dxe4 Bg4 27. Nxd4
Qxa1 28. Rxa1 1/2-1/2

[Event "BSenEM 2014"]
[Site "Berlin"]
[Date "2014.02.03"]
[Round "5.42"]
[White "Casny, Guenter"]
[Black "Fiedler, Ronald"]
[Result "1-0"]
[WhiteElo "1670"]
[BlackElo "1537"]
[Annotator "Jaeger,André"]
[PlyCount "40"]
[EventDate "2014.01.30"]
[WhiteTeam "SC Rochade e.V."]
[BlackTeam "SG Wedding e.V."]

1. Nf3 Nf6 2. c4 e6 3. e3 c5 4. Be2 Nc6 5. O-O Be7 6. d4 d5 7. dxc5 Bxc5 8. a3
O-O 9. b4 Be7 10. Bb2 dxc4 11. Nc3 a6 12. Bxc4 b5 13. Ba2 Qc7 14. Rc1 Bb7 15.
Qc2 h6 16. e4 Ne5 17. Nxe5 Qxe5 18. Nd5 Qd6 19. e5 Qd8 20. Nxe7+ Qxe7 1-0

[Event "BSenEM 2014"]
[Site "Berlin"]
[Date "2014.02.03"]
[Round "5.43"]
[White "Krusemark, Gerhard"]
[Black "Ebert, Lothar"]
[Result "1-0"]
[WhiteElo "1667"]
[BlackElo "1440"]
[Annotator "Jaeger,André"]
[PlyCount "87"]
[EventDate "2014.01.30"]
[WhiteTeam "TSG RW Fredersdorf/Vogelsdorf"]
[BlackTeam "ohne Verein"]

1. e4 e6 2. d4 d5 3. Nd2 dxe4 4. Nxe4 Be7 5. Nf3 h6 6. Bd3 b6 7. O-O Bb7 8. Be3
Nd7 9. Re1 Ngf6 10. Nfd2 O-O 11. f4 Rb8 12. c3 Nd5 13. Rc1 N7f6 14. Nxf6+ Nxf6
15. Nf3 Nd5 16. Bd2 Bd6 17. Ne5 c5 18. Bb1 f6 19. Qc2 f5 20. Qd3 Rc8 21. Qg3
Rf6 22. Bd3 Qe8 23. Re2 Bxe5 24. Rxe5 Rg6 25. Qh3 cxd4 26. Bxf5 Rf6 27. Bxe6+
Rxe6 28. Qxe6+ Qxe6 29. Rxe6 dxc3 30. Bxc3 Nxf4 31. Re7 Nd3 32. Rxg7+ Kf8 33.
Rf1+ Ke8 34. Rxb7 Rc6 35. Bg7 Rc1 36. Rxc1 Nxc1 37. Rxa7 h5 38. a4 Nb3 39. Kf2
Kd8 40. Bc3 Kc8 41. a5 b5 42. h3 Nc5 43. Ke3 Nb7 44. Rxb7 1-0

[Event "BSenEM 2014"]
[Site "Berlin"]
[Date "2014.02.03"]
[Round "5.44"]
[White "Sube, Guenter"]
[Black "Weber, Viktor"]
[Result "1-0"]
[WhiteElo "1622"]
[BlackElo "1390"]
[Annotator "Jaeger,André"]
[PlyCount "64"]
[EventDate "2014.01.30"]
[WhiteTeam "SV Bau-Union e.V."]
[BlackTeam "SKV Bad Freienwalde/Oder e.V."]

1. e4 e5 2. Nc3 Nf6 3. f4 exf4 4. Nf3 Bb4 5. e5 Bxc3 6. bxc3 Nd5 7. Bc4 Nb6 8.
Bb3 Nc6 9. d4 d6 10. Bxf4 dxe5 11. Nxe5 Nxe5 12. Bxe5 Qh4+ 13. Bg3 Qe7+ 14. Qe2
Qxe2+ 15. Kxe2 c6 16. Rae1 O-O 17. Kd2 Nd7 18. Bd6 Rd8 19. Rhf1 Nf6 20. Be7 Re8
21. Bxf6 Rxe1 22. Rxe1 gxf6 23. Re7 Kg7 24. Rxf7+ Kg6 25. Rf8 b6 26. Ke3 Bb7
27. Rxa8 Bxa8 28. Kf4 Bb7 29. Be6 h6 30. g4 Ba6 31. h4 Be2 32. Bf5+ Kf7 {
Rest unklar.} 1-0

[Event "BSenEM 2014"]
[Site "Berlin"]
[Date "2014.02.03"]
[Round "5.45"]
[White "Klevenow, Hellmut"]
[Black "Schroeder, Otto"]
[Result "1-0"]
[WhiteElo "1629"]
[BlackElo "1500"]
[Annotator "Jaeger,André"]
[PlyCount "37"]
[EventDate "2014.01.30"]
[WhiteTeam "SV Königsjäger Süd-West e.V."]
[BlackTeam "Betriebsschach Berlin"]

1. d4 Nf6 2. c4 e5 3. dxe5 Ng4 4. Nf3 Bb4+ 5. Bd2 Qe7 6. h3 Bxd2+ 7. Nbxd2 Nxe5
8. e3 O-O 9. Be2 d6 10. O-O Bf5 11. Nxe5 dxe5 12. Qb3 c6 13. Nf3 Na6 14. Qc3 f6
15. Rac1 Nc5 16. Qa3 e4 17. Nd4 Qd7 18. Qxc5 Bxh3 19. Qh5 1-0

[Event "BSenEM 2014"]
[Site "Berlin"]
[Date "2014.02.03"]
[Round "5.46"]
[White "Modrow, Reinert"]
[Black "Poeltelt, Helmut"]
[Result "0-1"]
[WhiteElo "1420"]
[BlackElo "1592"]
[Annotator "Jaeger,André"]
[PlyCount "104"]
[EventDate "2014.01.30"]
[WhiteTeam "ESV 1949 Eberswalde e.V."]
[BlackTeam "SC Eintracht Berlin e.V."]

1. d4 Nf6 2. c4 g6 3. Nc3 d5 4. e3 Bg7 5. Nf3 O-O 6. cxd5 Nxd5 7. Bc4 Nxc3 8.
bxc3 c5 9. O-O cxd4 10. cxd4 e6 11. Rb1 Nd7 12. Bb2 Nb6 13. Bb3 Bd7 14. Qd2 Bc6
15. Rfc1 Qd6 16. Qd1 Rfc8 17. Nd2 Bb5 18. Ne4 Qe7 19. Nc5 {(=)} Bc6 20. Na4 Qg5
21. g3 Nd5 22. h4 Qe7 23. Nc3 Nf6 24. Ba4 h5 25. Bxc6 Rxc6 26. Ne2 Rac8 27.
Rxc6 Rxc6 28. Rc1 Qc7 29. Rxc6 Qxc6 30. Qc1 Qxc1+ 31. Nxc1 Bf8 32. Nd3 Ne4 33.
Ne5 b5 34. Kg2 b4 35. Nc6 a6 36. Na5 {(=)} Nc3 37. a3 Nd1 38. Bc1 bxa3 39. Nb3
Bb4 40. Kf1 a5 41. Nxa5 Bxa5 42. Bxa3 Nc3 43. Bb2 Nd1 44. Ba3 Nc3 45. Bb2 Kf8
46. Kg2 Bb4 47. Bxc3 Bxc3 48. Kf3 Ke7 49. g4 f5 50. gxh5 gxh5 51. Kf4 Kf6 52.
f3 Bd2 0-1

[Event "BSenEM 2014"]
[Site "Berlin"]
[Date "2014.02.03"]
[Round "5.47"]
[White "Kasper, Peter"]
[Black "Klevenow, Ursula"]
[Result "1-0"]
[WhiteElo "1587"]
[BlackElo "1404"]
[Annotator "Jaeger,André"]
[PlyCount "113"]
[EventDate "2014.01.30"]
[WhiteTeam "SG Eckturm"]
[BlackTeam "SK Tempelhof 1931 e.V."]

1. b4 d5 2. Bb2 Bf5 3. e3 e6 4. Nf3 Nf6 5. b5 Bd6 6. c4 O-O 7. Be2 c5 8. d3
Nbd7 9. Nbd2 Qa5 10. Qc1 Bg4 11. Bc3 Qc7 12. h3 Bh5 13. Nh4 Bxe2 14. Kxe2 Be5
15. Nhf3 Bxc3 16. Qxc3 e5 17. Qc2 d4 18. e4 Nh5 19. g3 Qd6 20. Kf1 Qg6 21. Kg2
Nf4+ 22. Kh2 Nh5 23. Rhf1 Qe6 24. Qd1 Qh6 25. Ng1 g6 26. h4 Ng7 27. Ndf3 Ne6
28. Qd2 Qxd2 29. Nxd2 b6 {(=)} 30. a4 f5 31. f3 f4 32. g4 h6 33. a5 Kg7 34. Ra3
bxa5 35. Rxa5 Nb6 36. Rfa1 Rf7 37. Nb3 Rc7 38. R5a3 Kf7 39. Ra6 Nc8 40. Na5 Nd8
41. Nb3 Ne6 42. Nh3 Nb6 43. Rxb6 axb6 44. Rxa8 Ng7 45. Nf2 Ne6 46. Nd1 Nf8 47.
Nb2 Rb7 48. Na4 Nd7 49. Kg2 Nf6 50. Ra6 Nd7 51. Kf2 Ke7 52. Ke2 Kd8 53. Kd2 Kc7
54. Nbxc5 Nxc5 55. Nxc5 bxc5 56. Rc6+ Kb8 57. Rxg6 1-0

[Event "BSenEM 2014"]
[Site "Berlin"]
[Date "2014.02.03"]
[Round "5.48"]
[White "Hackenberg, Ronald"]
[Black "Windmueller, Werner"]
[Result "1/2-1/2"]
[WhiteElo "1388"]
[BlackElo "1581"]
[Annotator "Jaeger,André"]
[PlyCount "85"]
[EventDate "2014.01.30"]
[WhiteTeam "SC Kreuzberg e.V."]
[BlackTeam "SV Berolina Mitte e.V."]

1. d4 d5 2. Nf3 e6 3. c4 c6 4. cxd5 exd5 5. Nc3 Nf6 6. Bg5 Be7 7. Qc2 h6 8.
Bxf6 Bxf6 9. e3 Nd7 10. Bd3 a6 11. b4 b5 12. O-O O-O 13. a4 Bb7 14. Rfc1 Nb6
15. axb5 cxb5 16. Ne5 Bxe5 17. dxe5 Rc8 18. Qd2 Qe7 19. Bf5 Rcd8 20. Ne2 Qxe5
21. Nd4 Nc4 22. Qc3 Rfe8 23. Qc2 Rd6 24. Nb3 g6 25. Bh3 f5 26. Nc5 Bc8 27. Re1
Qf6 28. Rad1 g5 29. g3 g4 30. Bg2 Red8 31. Rd4 Kg7 32. Nd3 Be6 33. Nf4 Bf7 34.
Red1 Qe5 35. Nd3 Qf6 36. Nf4 Nb6 37. Qa2 Nc4 38. Qc2 {(=)} Qe5 39. Nd3 Qe6 40.
Nf4 Qd7 41. Nd3 Na3 42. Qb3 Nc4 43. Qa2 1/2-1/2

[Event "BSenEM 2014"]
[Site "Berlin"]
[Date "2014.02.03"]
[Round "5.49"]
[White "Bolle, Dietrich"]
[Black "Woelfert, Juergen"]
[Result "0-1"]
[WhiteElo "1371"]
[BlackElo "1571"]
[Annotator "Jaeger,André"]
[PlyCount "58"]
[EventDate "2014.01.30"]
[WhiteTeam "SG Eckturm"]
[BlackTeam "SC Oberkrämer"]

1. d4 Nf6 2. c4 g6 3. Nc3 Bg7 4. Nf3 d6 5. e4 O-O 6. Bd3 c5 7. dxc5 dxc5 8. O-O
Bg4 9. Be3 Nbd7 10. Be2 Qa5 11. Qc2 Bxf3 12. Bxf3 Ne5 13. Be2 a6 14. h3 Rad8
15. Bf4 Nc6 16. Nd5 Nxd5 17. exd5 Nd4 18. Qd1 e5 19. Bd2 Qc7 20. Bd3 f5 21. f3
Qe7 22. Qe1 Rfe8 23. b4 e4 24. fxe4 fxe4 25. Bxe4 Qxe4 26. Qxe4 Rxe4 27. Rae1
Ne2+ 28. Kh2 Be5+ 29. g3 Bxg3+ 0-1

[Event "BSenEM 2014"]
[Site "Berlin"]
[Date "2014.02.03"]
[Round "5.51"]
[White "Scholz, Werner"]
[Black "Schulz, Manfred"]
[Result "1-0"]
[WhiteElo "1538"]
[BlackElo "1370"]
[Annotator "Jaeger,André"]
[PlyCount "73"]
[EventDate "2014.01.30"]
[WhiteTeam "ESV 1949 Eberswalde e.V."]
[BlackTeam "SK Tempelhof 1931 e.V."]

1. d4 b6 2. Nf3 Bb7 3. e3 e6 4. Bd3 Nf6 5. Nbd2 d5 6. O-O Nbd7 7. Re1 Bd6 8. e4
dxe4 9. Nxe4 Nxe4 10. Bxe4 Bxe4 11. Rxe4 Nf6 12. Re1 O-O 13. Bg5 Be7 14. c3 Qd5
15. Re5 Qd7 16. Qc2 h6 17. Bh4 Nd5 18. Rae1 Bxh4 19. Nxh4 Nf6 20. h3 Qd8 21.
Nf3 Nd7 22. Rh5 Nf6 23. Rh4 Qd5 24. b3 h5 25. Re5 Qc6 26. Ng5 g6 27. Qd2 Kg7
28. Nf3 Rh8 29. c4 Rad8 30. Qg5 Nh7 31. Qg3 Nf6 32. Rf4 Nd7 33. Rg5 Nf6 34. Ne5
Qe8 35. Qf3 Kh6 36. Rxf6 Kxg5 37. Qf4# 1-0

[Event "BSenEM 2014"]
[Site "Berlin"]
[Date "2014.02.03"]
[Round "5.53"]
[White "Gnass, Erhard"]
[Black "Wolf, Wilfried"]
[Result "0-1"]
[WhiteElo "1377"]
[BlackElo "1634"]
[Annotator "Jaeger,André"]
[PlyCount "138"]
[EventDate "2014.01.30"]
[WhiteTeam "SK Zehlendorf e.V."]
[BlackTeam "Betriebsschach Berlin"]

1. Nf3 d5 2. d4 Nc6 3. g3 Nf6 4. Bg2 e6 5. O-O Be7 6. c3 O-O 7. Nbd2 b6 8. Re1
Na5 9. e4 dxe4 10. Nxe4 Nxe4 11. Rxe4 Bb7 12. Re1 Rc8 13. Bf4 c5 14. Rc1 cxd4
15. Nxd4 Bxg2 16. Kxg2 Qd5+ 17. Kg1 Rfd8 18. b3 Bf6 19. Qe2 Bxd4 20. cxd4 Rxc1
21. Rxc1 Qxd4 22. Bg5 Ra8 23. Be3 Qd7 24. Rd1 Qb7 25. Qd2 h6 26. Qe2 Rc8 27.
Qg4 Kh7 28. Qd4 Qe7 29. Qd2 Rc7 30. Qd3+ Kg8 31. Qe4 Rd7 32. Rc1 Rc7 33. Rd1
Nb7 34. b4 Nd6 35. Qg4 Nf5 36. Bf4 Rc4 37. Qe2 Rxb4 38. Qe5 f6 39. Qb8+ Kh7 40.
Qc8 Rd4 41. Rc1 Rd7 42. Qc2 g6 43. Be3 e5 44. Kf1 h5 45. Re1 Qd6 46. h3 Qd3+
47. Qe2 Qxe2+ 48. Kxe2 g5 49. Bc1 Nd4+ 50. Kf1 Nc6 51. f4 gxf4 52. gxf4 Rd3 53.
Kg2 Kg6 54. fxe5 fxe5 55. a3 Rd4 56. Re2 Rc4 57. Bb2 e4 58. Kh2 Ne7 59. Rg2+
Kf5 60. h4 e3 61. Rg5+ Kf4 62. Be5+ Kf3 63. Rg3+ Ke4 64. Bf6 Nf5 65. Rg1 e2 66.
Kg2 Kd3 67. Kf2 Rf4+ 68. Ke1 Rf3 69. Bg5 Ng3 0-1

[Event "BSenEM 2014"]
[Site "Berlin"]
[Date "2014.02.03"]
[Round "5.54"]
[White "Garms, Ilse"]
[Black "Bauer, Stefan"]
[Result "1-0"]
[WhiteElo "1610"]
[BlackElo "1405"]
[Annotator "Jaeger,André"]
[PlyCount "149"]
[EventDate "2014.01.30"]
[WhiteTeam "ESV 1949 Eberswalde e.V."]
[BlackTeam "SC Kreuzberg e.V."]

1. d4 Nf6 2. Nf3 e6 3. e3 d5 4. Bd3 Bd6 5. Nbd2 O-O 6. O-O Nc6 7. a3 Ne7 8. Re1
Ng6 9. c3 Ng4 10. h3 Nh6 11. e4 Nf4 12. Bf1 Ng6 13. e5 Be7 14. Nh2 f5 15. Ndf3
f4 16. Bd3 Nh4 17. Qc2 g6 18. Bd2 Rf7 19. c4 c6 20. Re2 Bd7 21. Kh1 Rc8 22. Rg1
b5 23. c5 g5 24. Qc1 Nxf3 25. Nxf3 Qf8 26. Nh2 Kh8 27. f3 Qg7 28. g3 Qf8 29.
gxf4 gxf4 30. Ng4 Ng8 31. Reg2 Bh4 32. Be1 Bxe1 33. Qxe1 Qd8 34. Nh2 Nh6 35.
Rg5 Qe7 36. Qh4 Nf5 37. Bxf5 exf5 38. Qxf4 Be6 39. Nf1 h6 40. Rh5 Rh7 41. Rxh6
Rf8 42. Rgg6 Bg8 43. Rxc6 Qb7 44. b4 Qg7 45. Rcg6 Qe7 46. e6 Rxh6 47. Rxh6+ Bh7
48. Qe5+ Kg8 49. Qxd5 Kg7 50. Rh5 Bg6 51. Qe5+ Rf6 52. Ng3 Kg8 53. Nxf5 Qxe6
54. Qxe6+ Rxe6 55. Rg5 Kh7 56. Nd6 a6 57. Re5 Rf6 58. Kg2 Rf4 59. Ne4 Kh6 60.
Kg3 Rf8 61. f4 Rd8 62. Nd6 Rg8 63. Rg5 Rg7 64. h4 Re7 65. Re5 Rg7 66. Kf3 Kh7
67. d5 Bc2 68. c6 Bd1+ 69. Ke4 Rc7 70. Ne8 Bc2+ 71. Kd4 Rf7 72. Kc5 Rxf4 73. c7
Rc4+ 74. Kb6 Bg6 75. Nd6 1-0

[Event "BSenEM 2014"]
[Site "Berlin"]
[Date "2014.02.03"]
[Round "5.55"]
[White "Pfueller, Volker"]
[Black "Geist, Wolfgang"]
[Result "1/2-1/2"]
[WhiteElo "1564"]
[BlackElo "1359"]
[Annotator "Jaeger,André"]
[PlyCount "125"]
[EventDate "2014.01.30"]
[WhiteTeam "SC Rochade e.V."]
[BlackTeam "SC Weisse Dame e.V."]

1. b4 e5 2. Bb2 Bxb4 3. Bxe5 Nf6 4. c4 Be7 5. e3 Nc6 6. Bb2 d6 7. Be2 O-O 8.
Nf3 a5 9. a4 Nb4 10. O-O c5 11. Nc3 Bf5 12. d3 Bg4 13. h3 Bd7 14. Na2 Qc8 15.
Kh2 Qe8 16. Nxb4 axb4 17. a5 Ra6 18. Nd2 Qa8 19. Nb3 Qe8 20. Bf3 Bc6 21. e4 Nd7
22. g3 Qd8 23. Qb1 Ne5 24. Bd1 Qc8 25. f4 Nd7 26. Ra2 Qc7 27. Qa1 Bf6 28. Bxf6
Nxf6 29. e5 Ne8 30. Re1 Bd7 31. exd6 Qxd6 32. Rd2 b6 33. Qe5 Qe6 {(=)} 34. Qxe6
Bxe6 35. axb6 Rxb6 36. Nxc5 Nc7 37. Nxe6 Nxe6 38. d4 b3 39. d5 Nc5 40. Ree2
Rfb8 41. Rb2 g6 42. Re3 Kf8 43. Kg2 f5 44. g4 Kf7 45. g5 R8b7 46. Kf3 Rb8 47.
Ke2 R8b7 48. Kd2 Rb8 49. Ke2 R8b7 50. Kf3 Rb8 51. Kg2 R8b7 52. h4 Rb8 53. h5
R8b7 54. Rh3 Kg7 55. hxg6 hxg6 56. Re3 Kf7 57. Kf3 Ne4 58. Kg2 Nc5 59. Bf3 Rd6
60. Kf1 Kg7 61. Bd1 Rdb6 62. Bf3 Rd6 63. Bd1 1/2-1/2